| 000 | 00842nam a2200265Ia 4500 | ||
|---|---|---|---|
| 003 | OSt | ||
| 005 | 20221005072650.0 | ||
| 006 | a|||||r|||| 00| 0 | ||
| 007 | ta | ||
| 008 | 221004b |||||||| |||| 00| 0 hin d | ||
| 020 |
_a9789388736541 (hbk) _cINR 200.00 |
||
| 024 | _a65845 | ||
| 037 |
_b2373, 18/02/2020, M.R.Publications _cTextual |
||
| 040 |
_aCRL _cCRL _bhin |
||
| 041 |
_2hin _ahin |
||
| 082 | _aO152,3N60x, 168Q9 | ||
| 100 |
_aAwasthi Pushpita Au. _9607382 |
||
| 245 | 0 | _aGokhroo | |
| 260 |
_aNew Delhi _bEducational publishing house India _c2019 |
||
| 300 |
_a128p. _ccm. |
||
| 650 | _aHINDI FICTION | ||
| 700 |
_a Barelvi Tauseef Tr. _9607383 |
||
| 942 |
_hO152,3N60x, 168Q9 _cTEXL _2cc |
||
| 999 |
_c979842 _d979842 |
||